000 01059nam a2200253 i 4500
001 189888
003 SpMaBN
005 20230906223600.0
008 191218s1987 sp ac |||| |dspa d
080 _a73.036(460)(083.824)
080 _a75.036(460)(083.824)
245 0 0 _aArtistas por la paz
_b: [exposición] /
_corganiza, Movimiento por la Paz, el Desarme y la Libertad ; colaboran, Ministerio de Cultura, Cruz Roja Española, Junta de Castilla y León.
260 _a[Valladolid :
_bJunta de Castilla y León,
_c1987]
300 _a[4] h., [116] p. :
_bprincipalmente il. col., retr. ;
_c28 cm.
650 7 _aPintura española-
_yS.XX-
_vExposiciones.
_916043
650 4 _aEscultura española-
_yS.XX-
_vExposiciones.
_912438
650 4 _aPaz-
_xEn el arte-
_vExposiciones.
_9169155
655 7 _2tgfbne
_9193628
_aCatálogos de exposiciones
710 2 _aMovimiento por la Paz, el Desarme y la Libertad.
_95787
710 1 _aCastilla y León.
_bJunta.
_92501
852 _aES-MaACL
_jL-32469
942 _2udc
999 _c189888
_d189888